000 00699nam a22002537a 4500
003 CHAP
005 20220329141718.0
008 971013s1967 r 00010 d
010 _a72650
011 _a73622
035 _a83180
040 _cCHAP
082 _a025.12
_bD4
100 0 0 _aDean, Elizabeth.
_931430
245 _aPrinting tool of freedom
260 _aEnglewood Cliffs, N.J. :
_bPrentice-Hall,
_c1967
300 _a64 p.
_b: ilus.
590 _aBATCH-UPD
_b10
_c20130110
_lUCH01
_h0720
590 _aCONVERSION
_b10
_c20130109
_lUCH01
_h1340
650 1 4 _aImprenta
_xHistoria.
_957482
901 _aBK
942 _cLIBRO
949 _a025.12 D4
_bBC
_cB
_d-37590
_eLIBRO
_h60664
_i83180
_si
999 _c72650
_d72650